Statistiques concernant Histoire de France pour les nuls.

Cliquez ici pour prendre le quiz!

Statistiques générales

  • Ce quiz a été pris 22 190 fois
  • Le résultat moyen est 15 sur 20

Statistiques - réponses

QuestionRéponse% Correct
Donnez un des quatre principaux alliés de la France durant la Première Guerre mondiale.Russie | Royaume-Uni | États-Unis | Italie
99%
Qui fut le chef de la France Libre durant la Seconde Guerre mondiale?Charles de Gaulle
98%
Quel roi a eu le plus long règne de l'Histoire de France?Louis XIV
94%
Quelle alliance économique la France co-fonde en 1957?CEE
91%
Quel empereur a été sacré en 800?Charlemagne
91%
En quelle année débuta la Révolution Française?1789
90%
Quel roi a été décapité en 1793?Louis XVI
90%
Quel empereur français est allé jusqu'à Moscou en 1812?Napoléon Ier
88%
À quel pays la France est-elle opposée durant la Guerre de Cent Ans?Angleterre
86%
Quel homme était à la tête du régime de Vichy?Philippe Pétain
85%
Quel territoire composé de 15 départements français est devenu indépendant en 1962?Algérie
82%
Comment s'appelait la France durant l'Antiquité?Gaule
81%
Qui est considéré comme le premier roi des Francs?Clovis Ier
75%
Quel chef Arverne a mené la rébellion contre César en 52 av. J.-C.?Vercingétorix
70%
Quel homme politique rendit l'école gratuite, laïque et obligatoire?Jules Ferry
69%
Quelle femme a permis à Charles VII de se faire sacrer roi pendant la Guerre de Cent Ans?Jeanne d'Arc
60%
Quel avocat était à la tête de la Convention durant la Révolution Française?Robespierre
56%
Quel était le seul pays, au XXème siècle, à avoir un plus grand empire colonial que la France?Royaume-Uni
53%
Durant quel conflit la France perdit-elle l'Alsace-Moselle au profit de l'Allemagne?Guerre de 70
44%
Quel est le seul roi de France à avoir été canonisé?Louis IX
40%

Distribution des résultats

Percentile par nombre de réponses

% des personnes avec chaque résultat

Votre développement - résultats

Vous n’avez pas pris ce quiz